000 00453nam a2200157Ia 4500
008 210716s1993 xx 000 0 und d
020 _a8120308247
041 _aeng
082 _a620.00420285 RAKD
100 _aBoersma, Tom; Boyce, Jim; Conner, Frank; Gesner, Rusty; Hester, Jeff.
245 _aInside autocad release 12.
250 _a1
260 _aNew Delhi
_bPrentice Hall of India PVt Ltd
_c1993
300 _axxxii,1308
650 _aAutocad
999 _c182647
_d182647